000 00970nam0a22003011 4500
001 2567400
005 20260406131117.0
021 _aRU
_b79-84711
035 _a(NLR Aleph) 006451678
090 _a5744953
_c5744953
100 _a20110316d1979 u y0rusy50 ca
101 1 _arus
_aeng
_crus
102 _aRU
105 _aa z |||||
200 1 _aWash'em clean
_fKornei Chukovsky
_gTransl. from the Russian by E. Felegenhauer
_gDrawings by Y. Meshkov
210 _aMoscow
_cProgress
_d1979
215 _a[16] с.
_cил.
_d28
686 _aШ9(2)680англ.яз.
_2rubbk
686 _aЩ897.58(2)Мешков,В.-1
_2rubbk
700 1 _8rus
_7ca
_aЧуковский
_bК. И.
_f1882-1969
_gКорней Иванович
_3RU\NLR\AUTH\771522
_9111544
702 1 _aMeshkov
_bY.
_4570
702 1 _aFelegenhauer
_bE.
_4730
801 0 _aRU
_bNLR
_gpsbo
801 1 _aRU
_bELAR
_2rusmarc
852 _aNLR
_jDesideratum
899 _aRuMoRGB
_jM 79-17/227
942 _cBOOK
980 _aNB